000 00293nam a22001217a 4500
008 181008b xxu||||| |||| 00| 0 eng d
041 _aeng
080 _a574
100 _a9
101 _aMJE
245 _aa Enviromental HIstory Of The Twetieth Century
_cMcneil.j.r
942 _2udc
_cBK
999 _c49003
_d49003